Kaschauer Zeitung. Roč. 51, 1889

Bibliographic Details
Format: Serial
Language:Undetermined
Published: Kaschau Druck von Karl Werfer 1889

MARC

LEADER 00000nas a2200000 a 4500
001 vtls001459011
003 SK-MaSNL
005 20260221114151.0
008 030825s1889 xx 0 und c
035 |a SNK000414318 
040 |a SNK  |b slo  |c SNK  |e AACR2 
245 1 |a Kaschauer Zeitung. Roč. 51, 1889 
260 |a Kaschau  |b Druck von Karl Werfer  |c 1889 
850 |a Slovenská národná knižnica v Martine 
999 |c 3480  |d 5410 
952 |0 0  |1 0  |4 0  |7 0  |a SNK  |b SNK  |d 2003-08-25  |i snkČSV 34/57  |l 0  |o snkČSA 240/89/1927/4  |p 17A0394684  |r 2005-01-02 00:00:00  |t č. 221-294  |w 2026-02-21  |y PREZ 
952 |0 0  |1 0  |4 0  |7 0  |a SNK  |b SNK  |d 2003-08-25  |i snkČSV 67/57  |l 0  |o snkČSA 240/94/1937/4  |p 17A0394751  |r 2005-01-02 00:00:00  |t č. 224-298  |w 2026-02-21  |y PREZ 
952 |0 0  |1 0  |4 0  |7 0  |a SNK  |b SNK  |d 2007-09-20  |i snkČSV 41/56  |l 0  |o snkČSA 240/91/1929/4  |p 17A0394518  |r 2026-02-21 20:14:50  |t č. 224-299  |w 2026-02-21  |y PREZ 
952 |0 0  |1 0  |4 0  |7 0  |a SNK  |b SNK  |d 2007-09-24  |i snkČSV 31/57  |l 0  |o snkČSA 240/88/1926/4  |p 17A0394926  |r 2026-02-21 20:14:52  |t č. 221-295  |w 2026-02-21  |y PREZ 
952 |0 0  |1 0  |4 0  |7 0  |a SNK  |b SNK  |d 2007-09-23  |i snkČSV 50/57  |l 0  |o snkČSA 240/93/1931/1 D1  |p 17A0394580  |r 2026-02-21 20:15:39  |t č. 1-151  |w 2026-02-21  |y PREZ 
952 |0 0  |1 0  |4 0  |7 0  |a SNK  |b SNK  |d 2003-08-25  |i snkČSV 72/57  |l 0  |o snkČSA 240/47/1885  |p 17A0394673  |r 2005-01-02 00:00:00  |t č. 1-151  |w 2026-02-21  |y PREZ 
952 |0 0  |1 0  |4 0  |7 0  |a SNK  |b SNK  |d 2003-08-25  |i snkČSV 15/56  |l 0  |o snkČSA 240/84/1922/1  |p 17A0394538  |r 2005-01-02 00:00:00  |t č. 1-147  |w 2026-02-21  |y PREZ 
952 |0 0  |1 0  |4 0  |7 0  |8 2  |a SNK  |b SNK  |d 2007-09-24  |i snkČSV 55/57  |l 0  |o snkČSA 240/94/1932/2 D1  |p 17A0394225  |r 2026-02-21 20:16:03  |w 2026-02-21  |y PREZ 
952 |0 0  |1 0  |4 0  |7 0  |a SNK  |b SNK  |d 2003-08-25  |i snkČSV 71/57  |l 0  |o snkČSA 240/45/1883  |p 17A0394541  |r 2005-01-02 00:00:00  |t č. 1-151  |w 2026-02-21  |y PREZ 
952 |0 0  |1 0  |4 0  |7 0  |a SNK  |b SNK  |d 2003-08-25  |i snkČSV 56/57  |l 0  |o snkČSA 240/96/1934/1  |p 17A0394669  |r 2005-01-02 00:00:00  |t č. 1-74  |w 2026-02-21  |y PREZ 
952 |0 0  |1 0  |4 0  |7 0  |a SNK  |b SNK  |d 2007-09-23  |i snkČSV 29/57  |l 0  |o snkČSA 240/88/1926/1 D1  |p 17A0394750  |r 2026-02-21 20:16:39  |t č. 1-151  |w 2026-02-21  |y PREZ 
952 |0 0  |1 0  |4 0  |7 0  |a SNK  |b SNK  |d 2007-09-20  |i snkČSV 30/57  |l 0  |o snkČSA 240/88/1926/3  |p 17A0394806  |r 2026-02-21 20:29:08  |t č. 146-220  |w 2026-02-21  |y PREZ 
952 |0 0  |1 0  |4 0  |7 0  |a SNK  |b SNK  |d 2012-07-11  |i snkČSV 38/56  |l 0  |o snkČSA 240/91/1929/1  |r 2026-02-21 20:30:10  |t č. 1-64, úplný  |w 2026-02-21  |y PREZ 
952 |0 0  |1 0  |4 0  |7 0  |a SNK  |b SNK  |d 2012-07-11  |i snkČSV 38/56  |l 0  |o snkČSA 240/91/1929/1  |p 17A0394632  |r 2026-02-21 20:30:11  |t č. 1-62, úplný  |w 2026-02-21  |y PREZ 
952 |0 0  |1 0  |4 0  |7 0  |a SNK  |b SNK  |d 2007-09-20  |i snkČSV 18/57  |l 0  |o snkČSA 240/85/1923/1 D1  |p 17A0394699  |r 2026-02-21 20:38:39  |t č. 2-147, neúplný  |w 2026-02-21  |y PREZ 
952 |0 0  |1 0  |4 0  |7 0  |a SNK  |b SNK  |d 2003-08-25  |i snkČSP 75/57  |l 0  |o snkČSA 240/51/1889  |p 17A0394674  |r 2005-01-02 00:00:00  |t č. 1-151  |w 2026-02-21  |y PREZ 
952 |0 0  |1 0  |4 0  |7 0  |a SNK  |b SNK  |d 2003-08-25  |i snkČSV 73/57  |l 0  |o snkČSA 240/48/1886  |p 17A0394675  |r 2005-01-02 00:00:00  |t č. 1-151  |w 2026-02-21  |y PREZ 
952 |0 0  |1 0  |4 0  |7 0  |a SNK  |b SNK  |d 2003-08-25  |i snkČSV 77/57  |l 0  |o snkČSA 240/54/1892  |p 17A0394672  |r 2005-01-02 00:00:00  |t č. 1-151  |w 2026-02-21  |y PREZ 
952 |0 0  |1 0  |4 0  |7 0  |a SNK  |b SNK  |d 2003-08-25  |i snkČSV 21/57  |l 0  |o snkČSA 240/67/1905  |p 17A0394685  |r 2005-01-02 00:00:00  |t č. 1-151  |w 2026-02-21  |y PREZ 
952 |0 0  |1 0  |4 0  |7 0  |a SNK  |b SNK  |d 2003-08-25  |l 0  |o snkČSA 240/42/1880  |p 17A0394681  |r 2005-01-02 00:00:00  |t č. 2-151  |w 2026-02-21  |y PREZ 
952 |0 0  |1 0  |4 0  |7 0  |a SNK  |b SNK  |d 2003-08-25  |l 0  |o snkČSA 240/85/1923/4  |p 17A0394670  |r 2005-01-02 00:00:00  |w 2026-02-21  |y PREZ 
952 |0 0  |1 0  |4 0  |7 0  |a SNK  |b SNK  |d 2003-08-25  |i snkČSV 19/57  |l 0  |o snkČSA 240/85/1923/3  |p 17A0394671  |r 2005-01-02 00:00:00  |w 2026-02-21  |y PREZ 
952 |0 0  |1 0  |4 0  |7 0  |a SNK  |b SNK  |d 2003-08-25  |i snkČSV 37/57  |l 0  |o snkČSA 240/89/1927/1  |p 17A0394682  |r 2005-01-02 00:00:00  |w 2026-02-21  |y PREZ 
952 |0 0  |1 0  |4 0  |7 0  |a SNK  |b SNK  |d 2003-08-25  |i snkČSV 28/57  |l 0  |o snkČSA 240/87/3/1925  |p 17A0394678  |r 2005-01-02 00:00:00  |w 2026-02-21  |y PREZ 
952 |0 0  |1 0  |4 0  |7 0  |a SNK  |b SNK  |d 2003-08-25  |l 0  |o snkČSA 240/87/1925/4  |p 17A0394677  |r 2005-01-02 00:00:00  |w 2026-02-21  |y PREZ 
952 |0 0  |1 0  |4 0  |7 0  |a SNK  |b SNK  |d 2003-08-25  |i snkČSV 76/57  |l 0  |o snkČSA 240/52/1890  |p 17A0394768  |r 2005-01-02 00:00:00  |w 2026-02-21  |y PREZ 
952 |0 0  |1 0  |4 0  |7 0  |a SNK  |b SNK  |d 2003-08-25  |i snkČSV 80/57  |l 0  |o snkČSA 240/64/1902  |p 17A0394549  |r 2005-01-02 00:00:00  |t č. 1-151  |w 2026-02-21  |y PREZ 
952 |0 0  |1 0  |4 0  |7 0  |a SNK  |b SNK  |d 2003-08-25  |i snkČSV 74/57  |l 0  |o snkČSA 240/50/1888  |p 17A0394550  |r 2005-01-02 00:00:00  |t č. 1-151  |w 2026-02-21  |y PREZ 
952 |0 0  |1 0  |4 0  |7 0  |a SNK  |b SNK  |d 2003-08-25  |i snkČSV 82/57  |l 0  |o snkČSA 240/68/1906  |p 17A0394542  |r 2005-01-02 00:00:00  |t č. 1-151  |w 2026-02-21  |y PREZ 
952 |0 0  |1 0  |4 0  |7 0  |a SNK  |b SNK  |d 2003-08-25  |i snkČSV 79/57  |l 0  |o snkČSA 240/57/1895  |p 17A0394543  |r 2005-01-02 00:00:00  |t č. 1-151  |w 2026-02-21  |y PREZ 
952 |0 0  |1 0  |4 0  |7 0  |a SNK  |b SNK  |d 2003-08-25  |i snkČSV 16/57  |l 0  |o snkČSA 240/84/1922/2  |p 17A0394688  |r 2005-01-02 00:00:00  |t č. 148-294  |w 2026-02-21  |y PREZ 
952 |0 0  |1 0  |4 0  |7 0  |a SNK  |b SNK  |d 2003-08-25  |i snkČSV 28/57  |l 0  |o snkČSA 240/88/1926/1  |p 17A0394767  |r 2005-01-02 00:00:00  |t č. 1-72  |w 2026-02-21  |y PREZ 
952 |0 0  |1 0  |4 0  |7 0  |8 2  |a SNK  |b SNK  |d 2003-08-25  |i snkČSV 33/57  |l 0  |o snkČSA 240/89/1927/2  |p 17A0394687  |r 2005-01-02 00:00:00  |t č. 74-146  |w 2026-02-21  |y PREZ 
952 |0 0  |1 0  |4 0  |7 0  |a SNK  |b SNK  |d 2003-08-25  |i snkČSV 20/57  |l 0  |o snkČSA 240/86/1924/1  |p 17A0394686  |r 2005-01-02 00:00:00  |t č. 2-148  |w 2026-02-21  |y PREZ 
952 |0 0  |1 0  |4 0  |7 0  |a SNK  |b SNK  |d 2003-08-25  |i snkČSV 17/57  |l 0  |o snkČSA 240/85/1923/1  |p 17A0394676  |r 2005-01-02 00:00:00  |t č. 1-147  |w 2026-02-21  |y PREZ 
952 |0 0  |1 0  |4 0  |7 0  |a SNK  |b SNK  |d 2003-08-25  |i snkČSV 61/57  |l 0  |o snkČSA 240/97/1935/3  |p 17A0394766  |r 2005-01-02 00:00:00  |t č. 149-222  |w 2026-02-21  |y PREZ 
952 |0 0  |1 0  |4 0  |7 0  |a SNK  |b SNK  |d 2003-08-25  |l 0  |o snkČSA 240/100/1938  |p 17A0394739  |r 2005-01-02 00:00:00  |w 2026-02-21  |y PREZ 
952 |0 0  |1 0  |4 0  |7 0  |a SNK  |b SNK  |d 2003-08-25  |i snkČSV 14/57  |l 0  |o snkČSA 240/83/1921/1  |p 17A0394537  |r 2005-01-02 00:00:00  |t č. 146-276, neúplné  |w 2026-02-21  |y PREZ 
952 |0 0  |1 0  |4 0  |7 0  |a SNK  |b SNK  |d 2003-08-25  |i snkČSV 57/57  |l 0  |o snkČSA 240/96/1934/2  |p 17A0394668  |r 2005-01-02 00:00:00  |t č. 76-147  |w 2026-02-21  |y PREZ 
952 |0 0  |1 0  |4 0  |7 0  |a SNK  |b SNK  |d 2003-08-25  |i snkČSV 21/57  |l 0  |o snkČSA 240/86/1924/2  |p 17A0394679  |r 2005-01-02 00:00:00  |t č. 149-266  |w 2026-02-21  |y PREZ 
952 |0 0  |1 0  |4 0  |7 0  |a SNK  |b SNK  |d 2003-08-25  |i snkČSV 47/57  |l 0  |o snkČSA 240/93/1931/2  |p 17A0394680  |r 2005-01-02 00:00:00  |t č. 75-145  |w 2026-02-21  |y PREZ 
952 |0 0  |1 0  |4 0  |7 0  |a SNK  |b SNK  |d 2003-08-25  |l 0  |o snkČSA 240/100/1938/4  |p 17A0394666  |r 2005-01-02 00:00:00  |t č. 224-272, neúplné  |w 2026-02-21  |y PREZ 
952 |0 0  |1 0  |4 0  |7 0  |a SNK  |b SNK  |d 2003-08-25  |l 0  |o snkČSA 240/87/1925/2  |p 17A0394742  |r 2005-01-02 00:00:00  |t č. 74-145  |w 2026-02-21  |y PREZ 
952 |0 0  |1 0  |4 0  |7 0  |a SNK  |b SNK  |d 2003-08-25  |i snkČSV 24/57  |l 0  |o snkČSA 240/87/1925/1  |p 17A0394667  |r 2005-01-02 00:00:00  |t č. 1-73  |w 2026-02-21  |y PREZ 
952 |0 0  |1 0  |4 0  |7 0  |a SNK  |b SNK  |d 2003-08-25  |i snkF 570/68  |l 0  |o snkČSA 240/97/1935/4  |p 17A0394700  |r 2005-01-02 00:00:00  |t č. 223-297  |w 2026-02-21  |y PREZ 
952 |0 0  |1 0  |4 0  |7 0  |a SNK  |b SNK  |d 2003-08-25  |i snkF 563/68  |l 0  |o snkČSA 240/100/1938/3  |p 17A0394701  |r 2005-01-02 00:00:00  |t č. 149-225  |w 2026-02-21  |y PREZ 
952 |0 0  |1 0  |4 0  |7 0  |a SNK  |b SNK  |d 2003-08-25  |i snkF 536/68  |l 0  |o snkČSA 240/100/1938/1  |p 17A0394665  |r 2005-01-02 00:00:00  |t č. 1-75, chýba č. 64  |w 2026-02-21  |y PREZ 
952 |0 0  |1 0  |4 0  |7 0  |a SNK  |b SNK  |d 2003-08-25  |i snkČSV 65/57  |l 0  |o snkČSA 240/99/1937/1  |p 17A0394461  |r 2005-01-02 00:00:00  |t č. 1-74  |w 2026-02-21  |y PREZ 
952 |0 0  |1 0  |4 0  |7 0  |a SNK  |b SNK  |d 2003-08-25  |i snkF 533/68  |l 0  |o snkČSA 240/100/1938/2  |p 17A0394462  |r 2005-01-02 00:00:00  |t č. 76-148  |w 2026-02-21  |y PREZ 
952 |0 0  |1 0  |4 0  |7 0  |a SNK  |b SNK  |d 2007-09-23  |l 0  |o snkČSA 240/81-82/1919-20  |p 17A0394071  |r 2026-02-21 21:10:20  |w 2026-02-21  |y PREZ 
952 |0 0  |1 0  |4 0  |7 0  |a SNK  |b SNK  |d 2007-09-23  |i snkČSV 13/57  |l 0  |o snkČSA 240/80/1918/1  |p 17A0394507  |r 2026-02-21 21:10:20  |t č. 1-147, neúplné  |w 2026-02-21  |y PREZ 
952 |0 0  |1 0  |4 0  |7 0  |a SNK  |b SNK  |d 2007-09-23  |i snkČSV 82/57  |l 0  |o snkČSA 240/67/1905 D1  |p 17A0394746  |r 2026-02-21 21:10:20  |t č. 1-151  |w 2026-02-21  |y PREZ 
952 |0 0  |1 0  |4 0  |7 0  |a SNK  |b SNK  |d 2007-09-23  |l 0  |o snkČSA 240/77/1915  |p 17A0394270  |r 2026-02-21 21:10:20  |w 2026-02-21  |y PREZ 
952 |0 0  |1 0  |4 0  |7 0  |a SNK  |b SNK  |d 2007-09-23  |i snkČSV 9/57  |l 0  |o snkČSA 240/78/1916/1  |p 17A0394429  |r 2026-02-21 21:10:21  |t č. 1-151  |w 2026-02-21  |y PREZ 
952 |0 0  |1 0  |4 0  |7 0  |a SNK  |b SNK  |d 2007-09-23  |l 0  |o snkČSA 240/78/1916/2  |p 17A0394628  |r 2026-02-21 21:10:21  |w 2026-02-21  |y PREZ 
952 |0 0  |1 0  |4 0  |7 0  |8 5  |a SNK  |b SNK  |d 2007-09-23  |i snkF 3045/70  |l 0  |o snkČSA 240/88/1926/2 D1  |p 17A0394629  |r 2026-02-21 21:10:21  |w 2026-02-21  |y PREZ 
952 |0 0  |1 0  |4 0  |7 0  |8 5  |a SNK  |b SNK  |d 2007-09-23  |i snkF 4709/78  |l 0  |o snkČSA 240/98/1936/3 D1  |p 17A0394630  |r 2026-02-21 21:10:21  |w 2026-02-21  |y PREZ 
952 |0 0  |1 0  |4 0  |7 0  |a SNK  |b SNK  |d 2007-09-23  |l 0  |o snkČSA 240/88/1926/4 D1  |p 17A0394224  |r 2026-02-21 21:10:21  |t neúplné  |w 2026-02-21  |y PREZ 
952 |0 0  |1 0  |4 0  |7 0  |8 5  |a SNK  |b SNK  |d 2007-09-23  |i snkF 564/68  |l 0  |o snkČSA 240/95/1933/2  |p 17A0394873  |r 2026-02-21 21:10:25  |t č. 77-147, neúplný  |w 2026-02-21  |y PREZ 
952 |0 0  |1 0  |4 0  |7 0  |a SNK  |b SNK  |d 2007-09-23  |i snkČSV 60/57  |l 0  |o snkČSA 240/97/1935/2  |p 17A0394853  |r 2026-02-21 21:10:25  |t č. 77-148  |w 2026-02-21  |y PREZ 
952 |0 0  |1 0  |4 0  |7 0  |8 5  |a SNK  |b SNK  |d 2007-09-23  |i snkF 568/68  |l 0  |o snkČSA 240/95/1933/4  |p 17A0394874  |r 2026-02-21 21:10:25  |t č. 224-296  |w 2026-02-21  |y PREZ 
952 |0 0  |1 0  |4 0  |7 0  |8 5  |a SNK  |b SNK  |d 2007-09-23  |i snkF 526/68  |l 0  |o snkČSA 240/99/1937/2  |p 17A0394875  |r 2026-02-21 21:10:25  |t č. 75-147  |w 2026-02-21  |y PREZ 
952 |0 0  |1 0  |4 0  |7 0  |8 5  |a SNK  |b SNK  |d 2007-09-23  |i snkF 529/68  |l 0  |o snkČSA 240/97/1935/1  |p 17A0394876  |r 2026-02-21 21:10:29  |t č. 1-76  |w 2026-02-21  |y PREZ 
952 |0 0  |1 0  |4 0  |7 0  |a SNK  |b SNK  |d 2007-09-23  |i snkČSV 10/57  |l 0  |o snkČSA 240/78/1916/1 D1  |p 17A0394455  |r 2026-02-21 21:10:29  |t č. 1-145, neúplný  |w 2026-02-21  |y PREZ 
952 |0 0  |1 0  |4 0  |7 0  |a SNK  |b SNK  |d 2007-09-23  |i snkČSV 23/57  |l 0  |o snkČSA 240/86/1924/2 D1  |p 17A0394456  |r 2026-02-21 21:10:29  |t č. 149-266, neúplné  |w 2026-02-21  |y PREZ 
952 |0 0  |1 0  |4 0  |7 0  |a SNK  |b SNK  |d 2007-09-23  |i snkF 3045/70  |l 0  |o snkČSA 240/88/1926/2 D1  |p 17A0394463  |r 2026-02-21 21:10:29  |t č. 74-145  |w 2026-02-21  |y PREZ 
952 |0 0  |1 0  |4 0  |7 0  |a SNK  |b SNK  |d 2007-09-23  |i snkČSV 43/57  |l 0  |o snkČSA 240/90/1928/4 D1  |p 17A0394459  |r 2026-02-21 21:10:29  |t č. 224-298  |w 2026-02-21  |y PREZ 
952 |0 0  |1 0  |4 0  |7 0  |a SNK  |b SNK  |d 2007-09-23  |i snkČSV 25/57  |l 0  |o snkČSA 240/87/1925/2 D1  |p 17A0394758  |r 2026-02-21 21:10:29  |t č. 146-295, neúplné  |w 2026-02-21  |y PREZ 
952 |0 0  |1 0  |4 0  |7 0  |a SNK  |b SNK  |d 2007-09-23  |i snkČSV 42/57  |l 0  |o snkČSA 240/90/1928/3 D1  |p 17A0394754  |r 2026-02-21 21:10:29  |t č. 150-223  |w 2026-02-21  |y PREZ 
952 |0 0  |1 0  |4 0  |7 0  |a SNK  |b SNK  |d 2007-09-23  |i snkČSV 39/57  |l 0  |o snkČSA 240/91/1929/2  |p 17A0394548  |r 2026-02-21 21:10:29  |w 2026-02-21  |y PREZ 
952 |0 0  |1 0  |4 0  |7 0  |8 5  |a SNK  |b SNK  |d 2007-09-23  |i snkF 562/68  |l 0  |o snkČSA 240/95/1933/1  |p 17A0394458  |r 2026-02-21 21:10:29  |t č. 1-76, neúplné  |w 2026-02-21  |y PREZ 
952 |0 0  |1 0  |4 0  |7 0  |a SNK  |b SNK  |d 2007-09-23  |i snkČSV 55/57  |l 0  |o snkČSA 240/94/1932/1 D1  |p 17A0394255  |r 2026-02-21 21:10:29  |t č. 1-151  |w 2026-02-21  |y PREZ 
952 |0 0  |1 0  |4 0  |7 0  |a SNK  |b SNK  |d 2007-09-20  |i snkČSV 46/57  |l 0  |o snkČSA 240/91/1929/3  |p 17A0394454  |r 2026-02-21 21:11:49  |t č. 150-222   |w 2026-02-21  |y PREZ 
952 |0 0  |1 0  |4 0  |7 0  |8 5  |a SNK  |b SNK  |d 2007-09-20  |i snkF 533/68  |l 0  |o snkČSA 240/96/1934/1  |p 17A0394647  |r 2026-02-21 21:11:50  |t č. 1-75  |w 2026-02-21  |y PREZ 
952 |0 0  |1 0  |4 0  |7 0  |a SNK  |b SNK  |d 2007-09-20  |i snkČSV 49/57  |l 0  |o snkČSA 240/93/1931/4  |p 17A0394546  |r 2026-02-21 21:11:50  |t č. 224-298  |w 2026-02-21  |y PREZ 
952 |0 0  |1 0  |4 0  |7 0  |a SNK  |b SNK  |d 2007-09-20  |i snkČSV 26/57  |l 0  |o snkČSA 240/84/1925/1 D1  |p 17A0394648  |r 2026-02-21 21:11:55  |t č. 1-78  |w 2026-02-21  |y PREZ 
952 |0 0  |1 0  |4 0  |7 0  |a SNK  |b SNK  |d 2007-09-20  |i snkF 560/68  |l 0  |o snkČSA 240/96/1934/2 D1  |p 17A0394697  |r 2026-02-21 21:11:56  |t č. 76-147  |w 2026-02-21  |y PREZ 
952 |0 0  |1 0  |4 0  |7 0  |a SNK  |b SNK  |d 2007-09-20  |i snkČSV 22/57  |l 0  |o snkČSA 240/86/1924/1 D1  |p 17A0394698  |r 2026-02-21 21:11:56  |t č. 2-148, neúplné  |w 2026-02-21  |y PREZ 
952 |0 0  |1 0  |4 0  |7 0  |8 5  |a SNK  |b SNK  |d 2007-09-20  |i snkF 565/68  |l 0  |o snkČSA 240/98/1936/3  |p 17A0394923  |r 2026-02-21 21:11:58  |t č. 149-224, neúplné  |w 2026-02-21  |y PREZ 
952 |0 0  |1 0  |4 0  |7 0  |8 2  |a SNK  |b SNK  |d 2007-09-20  |i snkČSV 51/57  |l 0  |o snkČSA 240/94/1932/1  |p 17A0394819  |r 2026-02-21 21:11:58  |t č. 39-74, neúplné  |w 2026-02-21  |y PREZ 
952 |0 0  |1 0  |4 0  |7 0  |a SNK  |b SNK  |d 2007-09-20  |i snkČSV 78/57  |l 0  |o snkČSA 240/54/1892  |p 17A0394847  |r 2026-02-21 21:11:58  |t č. 1-150  |w 2026-02-21  |y PREZ 
952 |0 0  |1 0  |4 0  |7 0  |a SNK  |b SNK  |d 2007-09-23  |l 0  |o snkČSA 240/88/1926/2  |p 17A0394849  |r 2026-02-21 21:11:58  |t č. 74-145  |w 2026-02-21  |y PREZ 
952 |0 0  |1 0  |4 0  |7 0  |a SNK  |b SNK  |d 2007-09-23  |i snkČSV 35/57  |l 0  |o snkČSA 240/90/1928/1  |p 17A0394850  |r 2026-02-21 21:11:58  |t č. 1-76  |w 2026-02-21  |y PREZ 
952 |0 0  |1 0  |4 0  |7 0  |a SNK  |b SNK  |d 2007-09-23  |i snkČSV 36/57  |l 0  |o snkČSA 240/90/1928/2  |p 17A0394851  |r 2026-02-21 21:11:58  |t č. 101-147  |w 2026-02-21  |y PREZ 
952 |0 0  |1 0  |4 0  |7 0  |a SNK  |b SNK  |d 2007-09-23  |i snkČSV 54/57  |l 0  |o snkČSA 240/94/1932/4  |p 17A0394852  |r 2026-02-21 21:11:58  |t č. 224-298  |w 2026-02-21  |y PREZ 
952 |0 0  |1 0  |4 0  |7 0  |8 5  |a SNK  |b SNK  |d 2007-09-23  |i snkF 555/68  |l 0  |o snkČSA 240/96/1934/4 D1  |p 17A0394870  |r 2026-02-21 21:11:58  |t č. 224-298, neúplný  |w 2026-02-21  |y PREZ 
952 |0 0  |1 0  |4 0  |7 0  |a SNK  |b SNK  |d 2007-09-23  |i snkČSV 46/57  |l 0  |o snkČSA 240/93/1931/1  |p 17A0394919  |r 2026-02-21 21:11:58  |t č. 1-74  |w 2026-02-21  |y PREZ 
952 |0 0  |1 0  |4 0  |7 0  |a SNK  |b SNK  |d 2007-09-23  |i snkČSV 48/57  |l 0  |o snkČSA 240/93/1931/3  |p 17A0394871  |r 2026-02-21 21:11:58  |t č. 147-223  |w 2026-02-21  |y PREZ 
952 |0 0  |1 0  |4 0  |7 0  |8 5  |a SNK  |b SNK  |d 2007-09-23  |i snkF 569/68  |l 0  |o snkČSA 240/95/1933/3  |p 17A0394872  |r 2026-02-21 21:11:58  |t č. 148-212, neúplný  |w 2026-02-21  |y PREZ 
952 |0 0  |1 0  |4 0  |7 0  |a SNK  |b SNK  |d 2007-09-20  |i snkČSV 65/57  |l 0  |o snkČSA 240/77/1915/1  |p 17A0394848  |r 2026-02-21 21:12:00  |t č. 2-146, neúplné  |w 2026-02-21  |y PREZ 
952 |0 0  |1 0  |4 0  |7 0  |8 5  |a SNK  |b SNK  |d 2007-09-24  |i snkF 4710/78  |l 0  |o snkČSA 240/100/1938 D1  |p 17A0394743  |r 2026-02-21 21:12:03  |t neúplné  |w 2026-02-21  |y PREZ 
952 |0 0  |1 0  |4 0  |7 0  |8 5  |a SNK  |b SNK  |d 2007-09-24  |i snkF 525/68  |l 0  |o snkČSA 240/99/1937/1 D1  |p 17A0394525  |r 2026-02-21 21:12:03  |t č. 1-151  |w 2026-02-21  |y PREZ 
952 |0 0  |1 0  |4 0  |7 0  |8 5  |a SNK  |b SNK  |d 2007-09-24  |i snkF 533/68  |l 0  |o snkČSA 240/98/1936/4 D1  |p 17A0394223  |r 2026-02-21 21:12:03  |w 2026-02-21  |y PREZ 
952 |0 0  |1 0  |4 0  |7 0  |8 5  |a SNK  |b SNK  |d 2007-09-24  |i snkF 528/68  |l 0  |o snkČSA 240/99/1937/4 D1  |p 17A0394447  |r 2026-02-21 21:12:03  |w 2026-02-21  |y PREZ 
952 |0 0  |1 0  |4 0  |7 0  |8 5  |a SNK  |b SNK  |d 2007-09-24  |i snkF 527/68  |l 0  |o snkČSA 240/99/1937/3 D1  |p 17A0394226  |r 2026-02-21 21:12:03  |w 2026-02-21  |y PREZ 
952 |0 0  |1 0  |4 0  |7 0  |8 5  |a SNK  |b SNK  |d 2007-09-24  |i snkF 556/68  |l 0  |o snkČSA 240/98/1936 D1  |p 17A0394526  |r 2026-02-21 21:12:03  |w 2026-02-21  |y PREZ 
952 |0 0  |1 0  |4 0  |7 0  |8 5  |a SNK  |b SNK  |d 2007-09-24  |i snkF 530/68  |l 0  |o snkČSA 240/97/1935/3 D1  |p 17A0394626  |r 2026-02-21 21:12:03  |w 2026-02-21  |y PREZ 
952 |0 0  |1 0  |4 0  |7 0  |8 5  |a SNK  |b SNK  |d 2007-09-24  |i snkF 561/68  |l 0  |o snkČSA 240/97/1935/2 D1  |p 17A0394627  |r 2026-02-21 21:12:03  |w 2026-02-21  |y PREZ 
952 |0 0  |1 0  |4 0  |7 0  |8 5  |a SNK  |b SNK  |d 2007-09-24  |i snkF 557/68  |l 0  |o snkČSA 240/96/1934/3 D1  |p 17A0394744  |r 2026-02-21 21:12:03  |w 2026-02-21  |y PREZ 
952 |0 0  |1 0  |4 0  |7 0  |8 5  |a SNK  |b SNK  |d 2007-09-24  |i snkF 534/68  |l 0  |o snkČSA 240/98/1936/2 D1  |p 17A0394745  |r 2026-02-21 21:12:05  |w 2026-02-21  |y PREZ 
952 |0 0  |1 0  |4 0  |7 0  |8 2  |a SNK  |b SNK  |d 2007-09-24  |i snkČSV 44/57  |l 0  |o snkČSA 240/92/1930/1  |p 17A0394924  |r 2026-02-21 21:22:16  |t č. 1-74  |w 2026-02-21  |y PREZ 
952 |0 0  |1 0  |4 0  |7 0  |a SNK  |b SNK  |d 2007-09-24  |i snkČSV 52/57  |l 0  |o snkČSA 240/94/1932/2  |p 17A0394878  |r 2026-02-21 21:22:16  |t č. 75-148  |w 2026-02-21  |y PREZ 
952 |0 0  |1 0  |4 0  |7 0  |a SNK  |b SNK  |d 2007-09-24  |i snkČSV 45/57  |l 0  |o snkČSA 240/92/1930/4  |p 17A0394925  |r 2026-02-21 21:22:16  |t č. 225-297  |w 2026-02-21  |y PREZ 
952 |0 0  |1 0  |4 0  |7 0  |a SNK  |b SNK  |d 2007-09-24  |i snkČSV 58/57  |l 0  |o snkČSA 240/96/1934/3  |p 17A0394877  |r 2026-02-21 21:22:16  |t č. 148-223  |w 2026-02-21  |y PREZ 
952 |0 0  |1 0  |4 0  |7 0  |a SNK  |b SNK  |d 2007-09-24  |i snkČSV 59/57  |l 0  |o snkČSA 240/96/1934/4  |p 17A0394904  |r 2026-02-21 21:22:16  |t č. 224-298  |w 2026-02-21  |y PREZ 
952 |0 0  |1 0  |4 0  |7 0  |a SNK  |b SNK  |d 2007-09-24  |i snkČSV 51/57  |l 0  |o snkČSA 240/94/1932/1  |p 17A0394921  |r 2026-02-21 21:22:17  |t č. 1-74  |w 2026-02-21  |y PREZ 
952 |0 0  |1 0  |4 0  |7 0  |a SNK  |b SNK  |d 2007-09-24  |i snkČSV 66/57  |l 0  |o snkČSA 240/99/1937/3  |p 17A0394920  |r 2026-02-21 21:22:17  |t č. 148-223  |w 2026-02-21  |y PREZ 
952 |0 0  |1 0  |4 0  |7 0  |a SNK  |b SNK  |d 2007-09-24  |i snkČSV 53/57  |l 0  |o snkČSA 240/94/1932/3  |p 17A0394922  |r 2026-02-21 21:22:17  |t č. 149-223  |w 2026-02-21  |y PREZ 
952 |0 0  |1 0  |4 0  |7 0  |a SNK  |b SNK  |d 2007-09-20  |i snkČSV 65/57  |l 0  |o snkČSA 240/98/1936/1  |p 17A0394464  |r 2026-02-21 21:22:18  |t č. 1-76  |w 2026-02-21  |y PREZ 
952 |0 0  |1 0  |4 0  |7 0  |a SNK  |b SNK  |d 2007-09-20  |i snkČSV 64/57  |l 0  |o snkČSA 240/98/1936/4  |p 17A0394460  |r 2026-02-21 21:22:18  |t č. 225-299  |w 2026-02-21  |y PREZ 
952 |0 0  |1 0  |4 0  |7 0  |a SNK  |b SNK  |d 2007-09-20  |i snkČSV 63/57  |l 0  |o snkČSA 240/98/1936/2  |p 17A0394520  |r 2026-02-21 21:22:19  |t č. 77-148  |w 2026-02-21  |y PREZ 
952 |0 0  |1 0  |4 0  |7 0  |8 5  |a SNK  |b SNK  |d 2007-09-20  |i snkF 4708/78  |l 0  |o snkČSA 240/83/1921 D1  |p 17A0394547  |r 2026-02-21 21:22:19  |t č. 4  |w 2026-02-21  |y PREZ